[Event "IRI-ch U12 Girls"]
[Site "Chess.com INT"]
[Date "2021.01.16"]
[Round "9"]
[White "Abbaszadeh, Mahdis"]
[Black "Alishahi, Dina"]
[Result "0-1"]
[WhiteElo "1424"]
[BlackElo "1124"]
[PlyCount "60"]
[EventDate "2021.01.16"]
[EventType "swiss"]
[EventRounds "9"]
[EventCountry "IRI"]
[SourceTitle "EXT 2022"]
[Source "ChessBase"]
[SourceDate "2021.10.06"]
[SourceVersion "1"]
[SourceVersionDate "2021.10.06"]
[SourceQuality "1"]

1. e4 e6 2. d4 d5 3. Bd3 c5 4. exd5 exd5 5. dxc5 Bxc5 6. Nc3 Nf6 7. Bg5 Be6 8. Bb5+ Nc6 9. Bxf6 Qxf6 10. Qd2 Rd8 11. Nf3 0-0 12. 0-0 h6 13. Rad1 a6 14. Ba4 d4 15. Ne4 Qe7 16. Nxc5 Qxc5 17. Bxc6 bxc6 18. Nxd4 Qb6 19. Qc3 Bg4 20. f3 c5 21. Ne2 Be6 22. a3 Rb8 23. b3 c4+ 24. Kh1 cxb3 25. cxb3 Rfc8 26. Qe1 Bxb3 27. Rb1 Qc5 28. Ra1 Bc4 29. Qf2 Rb2 30. Rfe1 Qxf2 0-1

[Event "IRI-ch U12 Girls"]
[Site "Chess.com INT"]
[Date "2021.01.16"]
[Round "7"]
[White "Abbaszadeh, Mahdis"]
[Black "Garosian, Vania"]
[Result "1-0"]
[WhiteElo "1424"]
[BlackElo "1145"]
[PlyCount "91"]
[EventDate "2021.01.16"]
[EventType "swiss"]
[EventRounds "9"]
[EventCountry "IRI"]
[SourceTitle "EXT 2022"]
[Source "ChessBase"]
[SourceDate "2021.10.06"]
[SourceVersion "1"]
[SourceVersionDate "2021.10.06"]
[SourceQuality "1"]

1. e4 e5 2. Nf3 Nc6 3. Nc3 Nf6 4. Bb5 Bb4 5. 0-0 0-0 6. d3 d6 7. Bg5 h6 8. Bxf6 gxf6 9. Nd5 Bc5 10. c3 Bg4 11. Ne3 Be6 12. d4 exd4 13. cxd4 a6 14. Bxc6 bxc6 15. dxc5 Rb8 16. b3 Kh8 17. Rc1 Rg8 18. g3 Bh3 19. Re1 Rb4 20. cxd6 Rxe4 21. dxc7 Qxc7 22. Ng2 Reg4 23. Qd2 R4g6 24. Qc2 Bg4 25. Nfh4 Rg5 26. Qxc6 Qd8 27. Qxa6 Kh7 28. Qc4 Kh8 29. Qxf7 Rf8 30. Qe7 Qb8 31. Qe3 Bh3 32. Nf4 Bd7 33. Nfg2 Bh3 34. Nf4 Bd7 35. Qd2 Rf7 36. Nhg6+ Kh7 37. Ne7 Qf8 38. Qxd7 Rgg7 39. Nfg6 Rxg6 40. Nxg6 Rxd7 41. Nxf8+ Kg7 42. Nxd7 Kg6 43. Nf8+ Kf7 44. Rc8 Kg7 45. Re7+ Kg8 46. Ng6# 1-0